| 000 | 00620nam a2200205Ia 4500 | ||
|---|---|---|---|
| 001 | 13188 | ||
| 003 | GE_BSU | ||
| 008 | 181216s||||||||xx |||||||||||||| ||und|| | ||
| 040 | _cGE_BSU | ||
| 080 | _a633.7 | ||
| 100 | _aБокучава, М.А. | ||
| 245 | _aБиохимия чая и чайного производства | ||
| 245 | _cОтв.ред.А.И.Опарин | ||
| 260 | _aМосква | ||
| 260 | _bИзд-во АНСССР | ||
| 300 | _a588стр.илл.22см. | ||
| 300 | _cБиблиогр.с.557-576 | ||
| 653 | _aБиохимия чая и чайного производства | ||
| 942 | _cBK | ||
| 999 |
_c46352 _d46352 |
||